Информационные средства моделирования электромеханических систем; Ресурсоэффективным технологиям - энергию и энтузиазм молодых

Detalhes bibliográficos
Parent link:Ресурсоэффективным технологиям - энергию и энтузиазм молодых.— 2016.— [С. 84-86]
Autor principal: Кремлёв И. А.
Autor Corporativo: Национальный исследовательский Томский политехнический университет (ТПУ) Институт кибернетики (ИК) Кафедра интегрированных компьютерных систем управления (ИКСУ)
Outros Autores: Леонов С. В. Сергей Владимирович (научный руководитель)
Resumo:Заглавие с экрана
Idioma:russo
Publicado em: 2016
Assuntos:
Acesso em linha:http://earchive.tpu.ru/handle/11683/31687
Formato: MixedMaterials Recurso Eletrônico Capítulo de Livro
KOHA link:https://koha.lib.tpu.ru/cgi-bin/koha/opac-detail.pl?biblionumber=620427

MARC

LEADER 00000naa2a2200000 4500
001 620427
005 20231101133118.0
035 |a (RuTPU)RU\TPU\conf\18913 
035 |a RU\TPU\conf\18912 
090 |a 620427 
100 |a 20160926d2016 k y0rusy50 ca 
101 0 |a rus 
102 |a RU 
105 |a y z 101zy 
135 |a drcn ---uucaa 
181 0 |a i  
182 0 |a b 
200 1 |a Информационные средства моделирования электромеханических систем  |f И. А. Кремлёв  |g науч. рук. С. В. Леонов 
203 |a Текст  |c электронный 
230 |a 1 компьютерный файл (pdf; 593 Kb) 
300 |a Заглавие с экрана 
320 |a [Библиогр.: с. 86 (4 назв.)] 
463 0 |0 (RuTPU)RU\TPU\conf\18763  |t Ресурсоэффективным технологиям - энергию и энтузиазм молодых  |o сборник научных трудов VII Всероссийской конференции, г. Томск, 27-29 апреля 2016 г.  |f Национальный исследовательский Томский политехнический университет (ТПУ)   |v [С. 84-86]  |d 2016 
610 1 |a труды учёных ТПУ 
610 1 |a электронный ресурс 
610 1 |a прецизионные системы 
610 1 |a программные комплексы 
610 1 |a программное обеспечение 
610 1 |a моделирование 
610 1 |a электромагнитные поля 
700 1 |a Кремлёв  |b И. А. 
702 1 |a Леонов  |b С. В.  |c специалист в области информатики и вычислительной техники  |c доцент Томского политехнического университета, кандидат технических наук  |f 1976-  |g Сергей Владимирович  |2 stltpush  |4 727 
712 0 2 |a Национальный исследовательский Томский политехнический университет (ТПУ)  |b Институт кибернетики (ИК)  |b Кафедра интегрированных компьютерных систем управления (ИКСУ)  |h 131  |2 stltpush  |3 (RuTPU)RU\TPU\col\18701 
801 2 |a RU  |b 63413507  |c 20160929  |g RCR 
856 4 |u http://earchive.tpu.ru/handle/11683/31687 
942 |c BK